000 00584nam a22001817a 4500
003 OSt
005 20251118114124.0
008 251118b |||||||| |||| 00| 0 eng d
020 _a 978-971-95940-0-0
040 _aDWCL-Main lib
_cOC
082 _aFil. 336.24 B21i 2014
100 _aBanggawan, Rex B.
245 _aIncome taxation :
_blaws, principles and applications/
_cRex B. Banggawan
260 _aBaguio City:
_bReal excellence publishing,
_cc2014.
300 _a701 pages :
_billustrations ;
_c23cm.
650 _a1. Income taxation
942 _2ddc
_cBK - FIL
_kFil.
_n0
999 _c5781
_d5781